banner koha

Desempenho de frangos de corte criados em aviários convencionais e escuros (Registro n. 222792)

MARC details
000 -LÍDER
campo de controle de tamanho fixo 01099nas a2200373 4500
001 - NÚMERO DE CONTROLE
campo de controle BR2012007322
003 - IDENTIFICADOR DO NÚMERO DE CONTROLE
campo de controle BR-BrBNA
005 - DATA E HORÁRIO DA ÚLTIMA TRANSAÇÃO
campo de controle 20231205121307.0
007 - CAMPO FIXO DE DESCRIÇÃO FÍSICA--INFORMAÇÃO GERAL
campo de controle de tamanho fixo ta
008 - CAMPO DE DADOS FIXOS--INFORMAÇÃO GERAL
campo de controle de tamanho fixo 230509b bl.|||p| |||| 00| 00por d
040 ## - FONTE DA CATALOGAÇÃO
Instituição da catalogação original BR-BrBNA
Idioma da catalogação por
Instituição que transcreveu o registro Biblioteca Nacional de Agricultura
041 ## - CÓDIGO DE IDIOMA
Código do idioma do texto/trilha sonora ou título diferente (Pt)
072 ## - CÓDIGO DE CATEGORIA DE ASSUNTO
Código de Categoria de Assunto L01; L02
100 1# - ENTRADA PRINCIPAL--NOME PESSOAL
Nome pessoal Nowicki, R.
100 1# - ENTRADA PRINCIPAL--NOME PESSOAL
Nome pessoal Butzge, E.
100 1# - ENTRADA PRINCIPAL--NOME PESSOAL
Nome pessoal Otutumi, L.K.
100 1# - ENTRADA PRINCIPAL--NOME PESSOAL
Nome pessoal Piau Junior, R.
100 1# - ENTRADA PRINCIPAL--NOME PESSOAL
Nome pessoal Alberton, L.R.
100 1# - ENTRADA PRINCIPAL--NOME PESSOAL
Nome pessoal Merlini, L.S.
100 1# - ENTRADA PRINCIPAL--NOME PESSOAL
Nome pessoal Mendes, T.C.
100 1# - ENTRADA PRINCIPAL--NOME PESSOAL
Nome pessoal Dalberto, J.L.
100 1# - ENTRADA PRINCIPAL--NOME PESSOAL
Nome pessoal Gerônimo, E.
100 1# - ENTRADA PRINCIPAL--NOME PESSOAL
Nome pessoal Caetano, I.C. da S.
245 1# - TÍTULO
Título Desempenho de frangos de corte criados em aviários convencionais e escuros
650 ## - ASSUNTO--TERMO TÓPICO
Cabeçalho tópico ou nome geográfico FRANGO DE CORTE
650 ## - ASSUNTO--TERMO TÓPICO
Cabeçalho tópico ou nome geográfico AVIÁRIO
650 ## - ASSUNTO--TERMO TÓPICO
Cabeçalho tópico ou nome geográfico ABATE
650 ## - ASSUNTO--TERMO TÓPICO
Cabeçalho tópico ou nome geográfico LINHAGEM
650 ## - ASSUNTO--TERMO TÓPICO
Cabeçalho tópico ou nome geográfico GANHO DE PESO
650 ## - ASSUNTO--TERMO TÓPICO
Cabeçalho tópico ou nome geográfico CONVERSÃO ALIMENTAR
773 0# - ENTRADA ANALÍTICA
Título Arquivos de Ciências Veterinárias e Zoologia da UNIPAR (Brazil)
ISSN - International Standard Serial Number ISSN 1415-8167
Partes relacionadas (Jan-Jun 2012), v. 14(1) p. 25-28
Número de controle do registro BR2012007322
909 ## -
-- 202311
-- Lúcia
-- 55
-- Lúcia Elande
942 ## - ELEMENTOS DE ENTRADA ADICIONADOS (KOHA)
Fonte da classificação ou esquema de arquivamento na estante Classificação AGRIS
Ocultar no OPAC Não
Tipo de material Koha Analítica
Exemplares
Situação do descarte Fonte da classificação ou esquema de arquivamento na estante Situação física Não pode ser emprestado Biblioteca de origem Biblioteca atual Localização na estante Enumeração do periódico / cronologia Total de empréstimos Data de último acesso Número do exemplar Tipo de material Koha Fonte de aquisição
  Classificação AGRIS   Consulta local Biblioteca Nacional de Agricultura - Binagri Biblioteca Nacional de Agricultura - Binagri   (Jan-Jun 2012), v. 14(1) p. 25-28   29/11/2023 01 Periódicos Portaria Interministerial nº 164/94

BINAGRI

Telefone: (61)3218-2567/2388/3357/2097 - binagri@agro.gov.br

Ministério da Agricultura e Pecuária , Esplanada dos Ministérios, Bloco D, Anexo B, Brasília/DF, CEP: 70.043-900